Prodigy Level Germanic history Examination - Statistics

General Stats
  • This quiz has been taken 41 times
  • The average score is 5 of 15
Answer Stats
Hint Answer % Correct
Which prominent northern city of Italy was the target of a failed campaign by Frederick Barbarossa? Milan/Mailand/Milano
77%
Which Romanian region is the seat of a large German-speaking population? Transylvanian Saxony/Transylvania
61%
Which modern day Finnish controlled archipelago was once a Swedish possession, and, still holds a large Swedish-speaking populous? Aland
58%
Excluding Northumbria and Mercia, which other kingdom was established by the Angles in Britain during the great migration period? East Anglia
58%
Which bundeslander's capital is Erfurt, once a prosperous trading outpost on the fringes of Frankish territory? Thuringia
55%
This city was the capital of the realm of the Teutonic order Marienburg/Malbork
48%
Henry the Lion, a prominent nobleman of East Francia, was granted two dutchies, Saxony, and Bavaria, which allowed him immense power, and which made the emperor suspicious of his ambitions. Apart from his vast power, Henry is renowned for an urban achievement. Which city, now located in Mecklenburg-Pomerania, and the westernmost mark of former Polabian Slavic settlement, did Henry fund the construction of as a hub for Baltic trade, and that would later become the defacto capital of the Haseatic league of traders. Lubeck
39%
What is this region's largest city? Brasov
19%
Which Germanic people who combined their forces with the Teutones were able to launch large scale migratory campaigns against the Romans before their ultimate defeat by Gaius Marius? Cimbri/Cimbrii
16%
This Frank ventured into Avar territory and instigated a successful Slavic kingdom before proceeding to found his very own empire. Samo
16%
The Slavs inhabiting the Eastern portion of Germany, notably the Sorbs and Orbotrites, were known by what title to the neighbouring Franks and Saxons? Polabian Slavs/Polabians
6%
Which mythical entity is known to be the progenitor of all "North Sea" Germanic peoples Yingvi/Ingvi
6%
Name the Celtic culture that was present in Austria before any Germanic comportment was realized Halstatt Culture
3%
To which branch of the West Germanic dialect continuum did the Lombards pertain to? Irimonic
3%
This pagan Saxon leaderlead a stiff Saxon opposition to the Franks for 20 years before his ultimate defeat and conversion to Christianity? Widulkind
3%
No matching quizzes found
Score Distribution
Percent of People with Each Score
Percentile by Number Answered
Your Score History
You have not taken this quiz